00749cam a22002417a 4500003000500000005001700005008004100022010001000063011001000073035001000083040000900093082001500102100002600117245007500143260003300218300003100251490003900282650002200321650002700343650004100370650005700411830003900468CHAP20220329141534.0971013s1986 r 00010 d a69824 a70796 a80349 cCHAP a551.49bK500aKinzelbach, Wolfgang. 0aGroundwater modellingb: an introduction with sample programs in BASIC aAmsterdam :bElsevier,c1986 a333 p.b: ilus. ; gráfs. 0aDevelopment in water sciencev; 2514aAgua subterranea.14aBASIC (Programación)14aHidrologíaxModelos matemáticos.14aProcesamiento automático de datos en hidrología.0 aDevelopment in water sciencev; 25